| 000 | 00491nam a2200193 a 4500 | ||
|---|---|---|---|
| 005 | 20230602063645.0 | ||
| 008 | 991125s1978 mx 000 0 spa u | ||
| 020 | _a968411014 | ||
| 035 | _aUPN01000003629 | ||
| 049 | _aCG | ||
| 050 | 4 |
_aPQ7297 R36 _bA6 |
|
| 100 | 1 |
_aRevueltas, José, _d1914-1976 |
|
| 245 | 1 | 3 |
_aEl apando / _cJosé Revueltas. |
| 260 |
_aMéxico : _bEra, _c1978. |
||
| 300 | _a55 p. | ||
| 440 | 0 |
_aObras completas ; _v7 |
|
| 650 | 4 |
_aNovela mexicana _94557 |
|
| 905 | _aLibro | ||
| 999 |
_c3629 _d3629 |
||